[Event "Leipzig VfB op 13th"]
[Site "Leipzig"]
[Date "2006.03.15"]
[Round "2"]
[White "Collini, Carsten"]
[Black "Thiergen, Sven"]
[Result "1/2-1/2"]
[WhiteElo "2184"]
[BlackElo "2010"]
[PlyCount "95"]
[EventDate "2006.03.14"]
[EventType "swiss"]
[EventRounds "9"]
[EventCountry "GER"]
[SourceTitle "EXT 2008"]
[Source "ChessBase"]
[SourceDate "2007.11.25"]
[SourceVersion "1"]
[SourceVersionDate "2007.11.25"]
[SourceQuality "1"]

1. Nc3 e5 2. e4 Nf6 3. g3 d6 4. Bg2 g6 5. Nge2 Bg7 6. 0-0 c6 7. d3 Be6 8. h3 Qd7 9. Kh2 Na6 10. f4 h5 11. fxe5 dxe5 12. Bg5 Nh7 13. Be3 h4 14. g4 Nf6 15. Bf3 c5 16. Ng1 b6 17. a4 Nb4 18. a5 Rb8 19. axb6 axb6 20. Qe2 Nc6 21. Nb5 Nd4 22. Nxd4 cxd4 23. Bg5 Ng8 24. Bd2 Ne7 25. c4 dxc3 26. Bxc3 Nc6 27. Qe3 Bh6 28. g5 Bf8 29. Bd1 Bc5 30. Qf3 Bd4 31. Qf6 0-0 32. Qf3 Rfd8 33. Be2 b5 34. Qg2 b4 35. Bxd4 Nxd4 36. Bd1 b3 37. Rc1 Rbc8 38. Bg4 Bxg4 39. hxg4 Rc2 40. Rxc2 bxc2 41. Nf3 Nxf3+ 42. Qxf3 Rc8 43. Rc1 Qd4 44. Kh3 Qxb2 45. Qe3 Rd8 46. Kxh4 Rxd3 47. Rxc2 Rxe3 48. Rc8+ 1/2-1/2